| 000 | 00725nas a2200265 4500 | ||
|---|---|---|---|
| 001 | BR9204939 | ||
| 003 | BR-BrBNA | ||
| 005 | 20231205092809.0 | ||
| 007 | ta | ||
| 008 | 230509b bl.|||p| |||| 00| 00por d | ||
| 040 |
_aBR-BrBNA _bpor _cBiblioteca Nacional de Agricultura |
||
| 041 | _a(Pt) | ||
| 072 | _aL40; L60 | ||
| 100 | 1 | _aAnon. | |
| 245 | 1 | _aPixixica: a formiga sanguinaria | |
| 650 | _aCACAU | ||
| 650 | _aFORMIGA LAVAPE | ||
| 650 | _aCONTROLE QUIMICO | ||
| 650 | _aESTRUTURA ANIMAL | ||
| 650 | _aHABITAT | ||
| 650 | _aPRATICO | ||
| 773 | 0 |
_tAgricultura e Pecuaria (Brazil) _xISSN 0100-249X _g(Mar 1966), v. 38(503) p. 8-9 _wBR9204939 |
|
| 909 |
_a202311 _bLúcia _c55 _dLúcia Elande |
||
| 942 |
_2AGRIS _n0 _cANA |
||
| 999 |
_c134265 _d134265 |
||